Muerte civil / (Record no. 193960)

MARC details
000 -LEADER
campo de control de longitud fija 02269nam a2200313 i 4500
001 - NÚMERO DE CONTROL
campo de control 193960
003 - IDENTIFICADOR DE NÚMERO DE CONTROL
campo de control ItRI
005 - FECHA Y HORA DE LA ÚLTIMA TRANSACCIÓN
campo de control 20250708200344.0
008 - DATOS DE LONGITUD FIJA--INFORMACIÓN GENERAL
campo de control de longitud fija 240115s2020 sp |||||| ||||| |||||c
020 ## - NÚMERO INTERNACIONAL ESTÁNDAR DEL LIBRO
Número Internacional Estándar del Libro 9791220100588
040 ## - FUENTE DE CATALOGACIÓN
Lengua de catalogación ita
Centro/agencia transcriptor ES-MaACL
041 #7 - CÓDIGO DE IDIOMA
Fuente del código ISO-639-2
100 ## - ENTRADA PRINCIPAL--NOMBRE DE PERSONA
Nombre de persona Ruiz de Linares, Ernesto,
Fechas asociadas al nombre 1954-
Número de control del registro de autoridad o número normalizado IT\ICCU\BVEV\272023
9 (RLIN) 235445
Término indicativo de función/relación Autor
245 10 - MENCIÓN DEL TÍTULO
Título Muerte civil /
Mención de responsabilidad, etc. Ernesto Ruiz de Linares.
260 ## - PUBLICACIÓN, DISTRIBUCIÓN, ETC.
Lugar de publicación, distribución, etc. Madrid :
Nombre del editor, distribuidor, etc. Europa,
Fecha de publicación, distribución, etc. 2020
300 ## - DESCRIPCIÓN FÍSICA
Extensión 177 p. ;
Dimensiones 21 cm
336 ## - TIPO DE CONTENIDO
Fuente rdacontent
Término de tipo de contenido texto
337 ## - TIPO DE MEDIO
Fuente rdamedia
Nombre/término del tipo de medio sin mediación
338 ## - TIPO DE SOPORTE
Fuente rdacarrier
Nombre/término del tipo de soporte volumen
520 ## - RESUMEN, ETC.
Sumario, etc. ¿Quién no ha pensado alguna vez en borrarse del mapa y ser otra persona? Saturio Martínez de Covaleda lleva tiempo anhelando desaparecer. Un día, decide activar el plan que viene diseñando hacia tiempo: fingir una muerte física para seguir viviendo de forma marginal. Y todo ello con el propósito de encontrar la libertad fuera de una sociedad que tan galopantemente va cercenando los derechos del hombre, para sumirle en una masa inerte, obediente, consumista y que camina en una dirección totalmente contraria al humanismo. Vivimos una época en la que todo el mundo se cree libre, pero, ¿cuánta libertad tenemos realmente? ¿Cuáles son sus límites y por qué no tenemos más? En un brillante ensayo novelado lleno de ingenio, ironía, modernidad, sociología, sexo y surrealismo que acaba con una gran dosis de ciencia ficción, el autor describe de forma cruda, pero divertida el hombre de hoy y su irresistible camino hacia el hombre cero. Un libro inteligente en el sentido que decía Leonardo Sciascia, de sintonizar con la inteligencia del lector para buscar su complicidad.
830 #0 - PUNTO DE ACCESO ADICIONAL DE SERIE-TÍTULO UNIFORME
Título uniforme Edificar universos
Número de control del registro de autoridad o número normalizado IT\ICCU\BVE\0829692
9 (RLIN) 235488
852 ## - LOCALIZACIÓN
Ubicación ES-MaACL
Sublocalización o colección R.154971
Ubicación en estantería Depósito J
Número de control de estantería N-9770
Encuadernación Encuadernación rústica
itemnumber 205478
Designación de la unidad física Donación: Ernesto Ruiz de Linares y Santisteban
903 ## - NOMBRE PERSONAL DE DONANTE
9 235445
a Ruiz de Linares, Ernesto,
d 1954-
e Donante
942 ## - ELEMENTOS DE ENTRADA SECUNDARIOS (KOHA)
Tipo de ítem Koha Libro impreso
Suprimir en OPAC No
Holdings
Estatus retirado Estado de pérdida Fuente del sistema de clasificación o colocación Estado de daño No para préstamo Colección Biblioteca de origen Biblioteca actual Ubicación en estantería Fecha de adquisición Fuente de adquisición Número de control de estantería Total de préstamos Signatura topográfica completa Código de barras Visto por última vez Precio de reemplazo Tipo de ítem Koha
    Clasificación decimal universal     Libros con dedicatorias Biblioteca del Ateneo de Madrid Biblioteca del Ateneo de Madrid Depósito J 13/05/2025 Donación Ateneísta   N-9770 101230084 13/05/2025 13/05/2025 Libro impreso